[Event "C.to Regionale Veneto"]
[Site "Arqua' Petrarca ITA"]
[Date "2001.05.06"]
[Round "2"]
[White "Dal Zovo, Claudio"]
[Black "Quaranta, Cristiano"]
[Result "1-0"]
[WhiteElo "1768"]
[BlackElo "1504"]
[PlyCount "67"]
[EventDate "2001.05.05"]

1.d4 Nf6 2.Nd2 c5 3.e3 d5 4.b3 Nc6 5.Bb2 b6 6.a3 g6 7.Bd3 Bg7 8.h3 O-O 9.
Ngf3 Bb7 10.O-O Qc7 11.Ne5 Nd7 12.f4 e6 13.Qe2 a6 14.Rab1 Rfd8 15.Qf2 
Ndxe5 16.fxe5 Rd7 17.Qh4 Rf8 18.Rf6 Qd8 19.Rbf1 Qe7 20.Nf3 Nd8 21.Nh2 Re8 
22.Ng4 Qf8 23.Bc1 Ree7 24.R6f2 Nc6 25.c3 Na5 26.Bc2 c4 27.b4 Nc6 28.e4 Nd8
29.Bg5 Re8 30.Bf6 Rc7 31.Bxg7 Qxg7 32.Nf6+ Kf8 33.Nxh7+ Kg8 34.Nf6+ 1-0

[Event "C.to Regionale Veneto"]
[Site "Arqua' Petrarca ITA"]
[Date "2001.05.06"]
[Round "2"]
[White "Guclu, Yaman"]
[Black "Bracaglia, Carlo"]
[Result "0-1"]
[WhiteElo "1900"]
[BlackElo "2126"]
[PlyCount "55"]
[EventDate "2001.05.05"]

1.e4 c6 2.d4 d5 3.exd5 cxd5 4.c4 Nf6 5.Nc3 g6 6.Bf4 Bg7 7.Nf3 O-O 8.h3 Nc6
9.c5 Bf5 10.Bb5 Be4 11.Nxe4 dxe4 12.Bxc6 bxc6 13.Ne5 Nd5 14.Nxc6 Qe8 15.
Nxe7+ Nxe7 16.Bd6 Qd7 17.Rc1 Rfe8 18.Bxe7 Qxe7 19.O-O e3 20.Qd3 e2 21.Rfe1
Qe4 22.Qxe4 Rxe4 23.d5 Bxb2 24.Rc2 Ba3 25.c6 Bd6 26.Rexe2 Rxe2 27.Rxe2 Rb8
28.Rc2 0-1

[Event "C.to Regionale Veneto"]
[Site "Arqua' Petrarca ITA"]
[Date "2001.05.06"]
[Round "2"]
[White "Luciani, Valerio"]
[Black "Vianello, Enrico"]
[Result "1-0"]
[WhiteElo "2130"]
[BlackElo "1858"]
[PlyCount "117"]
[EventDate "2001.05.05"]

1.e4 c5 2.Nf3 Nc6 3.d4 cxd4 4.Nxd4 Nf6 5.Nc3 e5 6.Ndb5 d6 7.Bg5 a6 8.Na3 
b5 9.Nd5 Be7 10.Bxf6 Bxf6 11.c4 b4 12.Nc2 a5 13.Be2 O-O 14.Bg4 Bg5 15.Bxc8
Rxc8 16.Qg4 Bh6 17.h4 Ne7 18.Nxe7+ Qxe7 19.b3 Qe6 20.Qxe6 fxe6 21.Rd1 Rfd8
22.Rh3 d5 23.Rhd3 d4 24.Ke2 g6 25.g3 Rd7 26.Rf1 Rf8 27.Ne1 Kf7 28.Nf3 Kf6 
29.Rdd1 Ra8 30.Ne1 a4 31.Nd3 axb3 32.axb3 Ra2+ 33.Kf3 Bf8 34.g4 Ra5 35.g5+
Kg7 36.Ra1 Rda7 37.Rxa5 Rxa5 38.Rc1 Ra3 39.c5 Ra8 40.Nxe5 Rc8 41.Nd3 e5 
42.Nxe5 Rxc5 43.Rxc5 Bxc5 44.Nd3 Be7 45.e5 h6 46.Ke4 hxg5 47.hxg5 Bxg5 48.
Nxb4 Kf7 49.Kxd4 Bh4 50.Nd3 Ke6 51.Ke4 Bd8 52.Nc5+ Ke7 53.Kd5 Ba5 54.Nd3 
Kd7 55.b4 Bd8 56.e6+ Ke7 57.Ne5 Bb6 58.f3 g5 59.Nd7 1-0

[Event "C.to Regionale Veneto"]
[Site "Arqua' Petrarca ITA"]
[Date "2001.05.06"]
[Round "2"]
[White "Meggiorin, Orlando"]
[Black "Navarro, Stefano"]
[Result "0-1"]
[WhiteElo "1600"]
[BlackElo "1900"]
[PlyCount "34"]
[EventDate "2001.05.05"]

1.e4 e5 2.Nf3 Nc6 3.d4 exd4 4.Bc4 Bb4+ 5.Bd2 Bxd2+ 6.Qxd2 Nf6 7.O-O O-O 8.
Nxd4 Nxe4 9.Qd3 d5 10.Nxc6 bxc6 11.Bb3 a5 12.Qd4 Bb7 13.Rd1 c5 14.Qa4 Qf6 
15.c3 Qxf2+ 16.Kh1 d4 17.Qc4 Ng3+ 0-1

[Event "C.to Regionale Veneto"]
[Site "Arqua' Petrarca ITA"]
[Date "2001.05.06"]
[Round "2"]
[White "Pesco, Giuseppe"]
[Black "Rossato, Armando"]
[Result "0-1"]
[WhiteElo "1959"]
[BlackElo "2203"]
[PlyCount "72"]
[EventDate "2001.05.05"]

1.Nf3 d5 2.c4 c6 3.b3 Nf6 4.g3 g6 5.Bg2 Bg7 6.Bb2 O-O 7.O-O Bf5 8.h3 Qc8 
9.g4 Be6 10.d3 Rd8 11.Nbd2 h5 12.g5 Ne8 13.Bxg7 Nxg7 14.Kh2 Nf5 15.cxd5 
cxd5 16.Rc1 Nc6 17.e4 dxe4 18.dxe4 Nfd4 19.Nxd4 Rxd4 20.Qe2 Qc7+ 21.f4 
Rad8 22.Nc4 Bxc4 23.Rxc4 Rd2 24.Qe1 Qb6 25.Rc3 Rxa2 26.Qe3 Rdd2 27.Rg1 Qd8
28.Kh1 Rab2 29.f5 Qd6 30.fxg6 fxg6 31.Qf3 Rf2 32.Qe3 Qd2 33.Qxd2 Rfxd2 34.
Rcc1 e5 35.Rb1 Rxg2 36.Rxb2 Rxb2 0-1

[Event "C.to Regionale Veneto"]
[Site "Arqua' Petrarca ITA"]
[Date "2001.05.06"]
[Round "2"]
[White "Quaranta, Gaetano"]
[Black "Radulescu, Gheorghe"]
[Result "0-1"]
[WhiteElo "1621"]
[BlackElo "1917"]
[PlyCount "160"]
[EventDate "2001.05.05"]

1.e4 c5 2.c3 Qa5 3.Nf3 Nc6 4.Bc4 e6 5.O-O b5 6.Bb3 c4 7.Bc2 Bc5 8.d4 cxd3 
9.Qxd3 Qb6 10.b4 Be7 11.Be3 Qb8 12.Nbd2 Nf6 13.Nb3 Ng4 14.Bc5 d6 15.Bd4 e5
16.Be3 Be6 17.h3 Bc4 18.Qd2 Nxe3 19.Qxe3 Bxf1 20.Rxf1 O-O 21.Rd1 Rc8 22.
Nbd2 Nxb4 23.Bb3 Nc6 24.Bd5 a6 25.Nf1 Qa7 26.Qd2 Rab8 27.Ne3 g6 28.Ng4 Nd8
29.Ng5 h5 30.Nxf7 Nxf7 31.Nh6+ Kh7 32.Nxf7 Bf8 33.Ng5+ Kg7 34.Ne6+ Kh8 35.
Nxf8 Rxf8 36.Bb3 Rf6 37.Qh6+ Qh7 38.Qg5 Rbf8 39.f3 Qa7+ 40.Kh1 Kg7 41.Qd2 
Qc5 42.Bd5 a5 43.Kh2 Rf4 44.Be6 Rd8 45.Bd5 h4 46.Rc1 Rc8 47.Be6 Rc7 48.Bd5
Qa3 49.Rc2 Qc5 50.Rc1 b4 51.c4 g5 52.Qe1 Kg6 53.Rb1 Qd4 54.Rd1 Qb2 55.Be6 
Rc6 56.Bd5 Ra6 57.Rd2 Qc3 58.Qd1 Qe3 59.Bb7 Rb6 60.Rxd6+ Rxd6 61.Qxd6+ Rf6
62.Qxe5 Qf4+ 63.Qxf4 gxf4 64.Bd5 Rf8 65.c5 Rc8 66.c6 Kf6 67.Kg1 Ke5 68.Kf2
Kd6 69.Ke2 a4 70.Kd3 Rb8 71.Kc2 Ra8 72.Kb2 Ra7 73.Kc2 Rg7 74.Kd3 Rxg2 75.
Kc4 b3 76.axb3 a3 77.e5+ Kxe5 78.Be4 a2 79.c7 a1=Q 80.Kb5 Qc3 0-1

[Event "C.to Regionale Veneto"]
[Site "Arqua' Petrarca ITA"]
[Date "2001.05.06"]
[Round "2"]
[White "Rigo, Gianfrancesco"]
[Black "Opacic, Alexandar"]
[Result "0-1"]
[WhiteElo "1870"]
[BlackElo "1921"]
[PlyCount "102"]
[EventDate "2001.05.05"]

1.b3 d5 2.Nf3 Nf6 3.Bb2 Bf5 4.g3 c6 5.Bg2 Qc8 6.h3 e6 7.g4 Bg6 8.Ne5 Be4 
9.f3 Bg6 10.h4 h6 11.Nxg6 fxg6 12.e4 Na6 13.Qe2 Be7 14.exd5 exd5 15.Nc3 
Qd7 16.O-O-O O-O-O 17.g5 hxg5 18.hxg5 d4 19.gxf6 dxc3 20.dxc3 Rxh1 21.Rxh1
gxf6 22.Rh7 Re8 23.Qd3 Qe6 24.Qe4 Qxe4 25.fxe4 f5 26.exf5 Bg5+ 27.Kd1 gxf5
28.Rf7 Rd8+ 29.Ke1 f4 30.Bc1 Re8+ 31.Kf1 Nc5 32.Bxf4 Bxf4 33.Rxf4 Kc7 34.
Rf7+ Kb6 35.Rf4 Re7 36.Kf2 Kc7 37.b4 Na4 38.Rc4 a6 39.Bf3 Re6 40.Bg4 Re7 
41.Bf3 Re6 42.Bg4 Rd6 43.Ke3 Nb6 44.Rd4 Nd5+ 45.Kd3 Rg6 46.a3 Rg7 47.c4 
Nf6 48.Bf3 Nd7 49.Re4 Rf7 50.Re3 Rf4 51.Kc3 Rf7 {...} 0-1

[Event "C.to Regionale Veneto"]
[Site "Arqua' Petrarca ITA"]
[Date "2001.05.06"]
[Round "2"]
[White "Sanavio, Giancarlo"]
[Black "Pechy, Alaster"]
[Result "1-0"]
[WhiteElo "1570"]
[BlackElo "1615"]
[PlyCount "69"]
[EventDate "2001.05.05"]

1.Nf3 Nf6 2.c4 g6 3.b4 Bg7 4.Bb2 O-O 5.g3 b6 6.Bg2 Bb7 7.d3 d6 8.O-O e5 9.
Nc3 Nbd7 10.e3 Re8 11.Qb3 h6 12.Rac1 Kh7 13.Ng5+ hxg5 14.Bxb7 Rb8 15.Bg2 
Rh8 16.Nb5 e4 17.Nxa7 Qe8 18.Nc6 Nc5 19.bxc5 Qxc6 20.cxd6 Qxd6 21.dxe4 Qd7
22.Rcd1 Qg4 23.Rd4 Kg8 24.h3 Rxh3 25.e5 Qh5 26.Bxh3 Qxh3 27.exf6 Bxf6 28.
Rd2 Kg7 29.Bxf6+ Kxf6 30.Qc3+ Ke6 31.Qd4 g4 32.Qd7+ Kf6 33.Qxc7 Rh8 34.
Qxb6+ Kg7 35.Qb2+ 1-0

[Event "C.to Regionale Veneto"]
[Site "Arqua' Petrarca ITA"]
[Date "2001.05.06"]
[Round "2"]
[White "Sgaravatti, Francesco"]
[Black "Piva, Giorgio"]
[Result "1-0"]
[WhiteElo "2066"]
[BlackElo "2142"]
[PlyCount "75"]
[EventDate "2001.05.05"]

1.e4 c5 2.Nf3 d6 3.d4 cxd4 4.Nxd4 Nf6 5.Nc3 g6 6.Be3 Bg7 7.f3 Nc6 8.Qd2 
O-O 9.g4 Be6 10.O-O-O Nxd4 11.Bxd4 Qa5 12.Kb1 Rfc8 13.a3 Rab8 14.h4 b5 15.
Nd5 Qxd2 16.Nxf6+ Bxf6 17.Rxd2 Bxd4 18.Rxd4 f6 19.g5 fxg5 20.hxg5 Rc5 21.
f4 Rf8 22.b4 Rc3 23.Kb2 Re3 24.Bxb5 Rxf4 25.Bc6 Rg3 26.b5 Rxg5 27.Ra4 Rc5 
28.Rxa7 Rf2 29.Rc1 Bc4 30.a4 h5 31.Rc7 h4 32.b6 Ba6 33.Bd5+ Kg7 34.Rxc5 
dxc5 35.b7 Rf8 36.Kc3 Rb8 37.Rb1 Kf6 38.Rb6+ 1-0

[Event "C.to Regionale Veneto"]
[Site "Arqua' Petrarca ITA"]
[Date "2001.05.06"]
[Round "2"]
[White "Spinoso, Giovanni"]
[Black "Giuriato, Sergio"]
[Result "0-1"]
[WhiteElo "1452"]
[BlackElo "1767"]
[PlyCount "68"]
[EventDate "2001.05.05"]

1.e4 Nc6 2.Nf3 d6 3.d4 Nf6 4.Nc3 Bg4 5.Be3 e5 6.Be2 Be7 7.a3 O-O 8.O-O 
Bxf3 9.Bxf3 exd4 10.Bxd4 Nxd4 11.Qxd4 c6 12.Rfe1 Nd7 13.Rad1 Ne5 14.Be2 
Qa5 15.f4 Ng6 16.Kh1 Nxf4 17.Bg4 Qg5 18.g3 Ng6 19.Bh3 Qe5 20.Qf2 b5 21.Qf3
Qc5 22.Rf1 Ne5 23.Qg2 a5 24.Na2 Qb6 25.b3 a4 26.Nc1 axb3 27.cxb3 Rxa3 28.
Nd3 Rxb3 29.Nxe5 dxe5 30.Rxf7 Rxf7 31.Be6 Kf8 32.Bxf7 Kxf7 33.Qa2 Qe3 34.
Rb1 Qxe4+ 0-1

[Event "C.to Regionale Veneto"]
[Site "Arqua' Petrarca ITA"]
[Date "2001.05.06"]
[Round "2"]
[White "Zotti, Enrico"]
[Black "Ballarin, Gabriele"]
[Result "1/2-1/2"]
[WhiteElo "2082"]
[BlackElo "1570"]
[PlyCount "72"]
[EventDate "2001.05.05"]

1.e4 c5 2.Nf3 Nc6 3.c3 Nf6 4.e5 Nd5 5.d4 cxd4 6.cxd4 e6 7.Nc3 Nxc3 8.bxc3 
d5 9.Bd3 Be7 10.O-O Bd7 11.Be3 Rc8 12.Qe2 Na5 13.Rfc1 Nc4 14.Bf4 O-O 15.a4
Rc6 16.Nd2 Nxd2 17.Bxd2 f5 18.c4 dxc4 19.Bxc4 Kh8 20.a5 Qc8 21.Bb5 Rc7 22.
Rxc7 Qxc7 23.Rc1 Qd8 24.Bxd7 Qxd7 25.Qc4 Rd8 26.Bb4 Bxb4 27.Qxb4 h6 28.Rc4
Rc8 29.Rc5 Kg8 30.h4 Rxc5 31.Qxc5 a6 32.h5 Kf7 33.Kh2 g5 34.hxg6+ Kxg6 35.
Kg3 h5 36.f4 Kf7 1/2-1/2

[Event "C.to Regionale Veneto"]
[Site "Arqua' Petrarca ITA"]
[Date "2001.05.06"]
[Round "3"]
[White "Ballarin, Gabriele"]
[Black "Pechy, Alaster"]
[Result "0-1"]
[WhiteElo "1570"]
[BlackElo "1615"]
[PlyCount "118"]
[EventDate "2001.05.05"]

1.e4 c5 2.Nc3 d6 3.f4 Nc6 4.Nf3 g6 5.d3 Bg7 6.g3 e6 7.Bg2 Nge7 8.O-O O-O 
9.Be3 b6 10.Rb1 Ba6 11.Ne2 Rc8 12.c3 d5 13.e5 d4 14.cxd4 Nf5 15.Bf2 cxd4 
16.b4 b5 17.g4 Ne3 18.Bxe3 dxe3 19.g5 Bb7 20.Qb3 Qb6 21.d4 Ne7 22.Qxe3 Nd5
23.Qb3 Rc4 24.a3 Rfc8 25.Rb2 Bf8 26.Nd2 Rc3 27.Qa2 a5 28.Ne4 axb4 29.axb4 
R3c4 30.Qb1 Ne3 31.Nf6+ Kh8 32.Bxb7 Qxb7 33.Rf2 Qc6 34.h3 Nc2 35.h4 Nxd4 
36.Qd3 Nxe2+ 37.Qxe2 Bxb4 38.Kh2 Be1 39.Qxe1 Rc1 40.Qe4 Qc3 41.h5 Rc4 42.
Qa8+ Rc8 43.Qf3 Qe1 44.Qg2 Kg7 45.hxg6 hxg6 46.Rbe2 Rh8+ 47.Kg3 Rc3+ 48.
Kg4 Qb1 49.Rf3 Qf5+ 50.Kg3 Rh3+ 51.Kf2 Rcxf3+ 52.Qxf3 Rxf3+ 53.Kxf3 Qd3+ 
54.Kf2 b4 55.Ne4 b3 56.Nd2 b2 57.Kf1 Qxd2 58.Rxd2 b1=Q+ 59.Kg2 Qe4+ 0-1

[Event "C.to Regionale Veneto"]
[Site "Arqua' Petrarca ITA"]
[Date "2001.05.06"]
[Round "3"]
[White "Bracaglia, Carlo"]
[Black "Sanavio, Giancarlo"]
[Result "1-0"]
[WhiteElo "2126"]
[BlackElo "1570"]
[PlyCount "65"]
[EventDate "2001.05.05"]

1.e4 Nf6 2.Nc3 d5 3.e5 Nfd7 4.f4 e6 5.d4 c5 6.Nf3 cxd4 7.Nxd4 Nc6 8.Be3 a6
9.Qd2 Nxd4 10.Bxd4 b5 11.h4 Nc5 12.Qe3 Qc7 13.O-O-O Bd7 14.Ne2 Rc8 15.c3 
b4 16.Kb1 bxc3 17.Nxc3 Qa5 18.Rc1 Be7 19.f5 Ne4 20.Nxe4 Rxc1+ 21.Qxc1 dxe4
22.f6 gxf6 23.exf6 Bd6 24.Bc3 Qa4 25.Be2 Rg8 26.g4 e5 27.g5 Be6 28.b3 Qc6 
29.Bb2 Qb6 30.Rd1 Bf5 31.Ka1 e3 32.Qc4 Bg6 33.Qc8+ 1-0

[Event "C.to Regionale Veneto"]
[Site "Arqua' Petrarca ITA"]
[Date "2001.05.06"]
[Round "3"]
[White "Opacic, Alexandar"]
[Black "Cacco, Christian"]
[Result "1/2-1/2"]
[WhiteElo "1921"]
[BlackElo "2257"]
[PlyCount "35"]
[EventDate "2001.05.05"]

1.e4 d6 2.d4 Nf6 3.Nc3 c6 4.f3 b5 5.Be3 Nbd7 6.Qd2 a6 7.g4 h6 8.O-O-O e5 
9.Nge2 Qc7 10.Kb1 Bb7 11.Ng3 g6 12.Rg1 O-O-O 13.Rc1 c5 14.d5 Kb8 15.Nd1 c4
16.b4 Nb6 17.c3 Nfd7 18.Nb2 1/2-1/2

[Event "C.to Regionale Veneto"]
[Site "Arqua' Petrarca ITA"]
[Date "2001.05.06"]
[Round "3"]
[White "Piva, Giorgio"]
[Black "Rigo, Gianfrancesco"]
[Result "1-0"]
[WhiteElo "2142"]
[BlackElo "1870"]
[PlyCount "91"]
[EventDate "2001.05.05"]

1.d4 e6 2.Nf3 b6 3.g3 Bb7 4.Bg2 Nf6 5.c4 Bb4+ 6.Nbd2 Na6 7.a3 Be7 8.b4 c5 
9.dxc5 bxc5 10.b5 Nc7 11.Bb2 O-O 12.O-O d6 13.Qc2 Qc8 14.a4 e5 15.Bc3 Ne6 
16.e3 Qc7 17.Rfb1 Nd7 18.a5 Rac8 19.b6 axb6 20.axb6 Qb8 21.Ra7 f5 22.Nxe5 
dxe5 23.Rxb7 Qd6 24.Bd5 Nf6 25.Qb2 Nxd5 26.cxd5 Nd4 27.exd4 exd4 28.Bxd4 
cxd4 29.Qxd4 Bf6 30.Nc4 Bxd4 31.Nxd6 Rc2 32.Rc7 Rxf2 33.Kh1 f4 34.Nc8 Be5 
35.d6 fxg3 36.hxg3 Bxg3 37.Ne7+ Kh8 38.b7 Bxd6 39.b8=Q Bxc7 40.Qxc7 R2f7 
41.Qe5 Rf6 42.Rb8 Rf1+ 43.Kg2 Rf2+ 44.Kg3 Rf3+ 45.Kg4 Rf4+ 46.Qxf4 1-0

[Event "C.to Regionale Veneto"]
[Site "Arqua' Petrarca ITA"]
[Date "2001.05.06"]
[Round "3"]
[White "Quaranta, Cristiano"]
[Black "Meggiorin, Orlando"]
[Result "1-0"]
[WhiteElo "1504"]
[BlackElo "1600"]
[PlyCount "65"]
[EventDate "2001.05.05"]

1.d4 d5 2.c4 c6 3.Nf3 Nf6 4.Bg5 e6 5.e3 Be7 6.cxd5 cxd5 7.Nc3 a6 8.Bd3 O-O
9.Qc2 h6 10.Bh4 Nbd7 11.O-O b5 12.a3 Bb7 13.Rac1 Rc8 14.Qe2 Nh7 15.Bxe7 
Qxe7 16.a4 b4 17.Nb1 a5 18.Nbd2 Nhf6 19.Nb3 Qd8 20.Rxc8 Bxc8 21.Ba6 Qb6 
22.Bb5 Ne4 23.Rc1 Nb8 24.Ne5 f6 25.Ng6 Ba6 26.Bxa6 Nxa6 27.Nxf8 Kxf8 28.
Qc2 Kf7 29.f3 Ng5 30.h4 Nxf3+ 31.gxf3 Qd6 32.Kg2 e5 33.Qc6 1-0

[Event "C.to Regionale Veneto"]
[Site "Arqua' Petrarca ITA"]
[Date "2001.05.06"]
[Round "3"]
[White "Radulescu, Gheorghe"]
[Black "Giuriato, Sergio"]
[Result "1-0"]
[WhiteElo "1917"]
[BlackElo "1767"]
[PlyCount "85"]
[EventDate "2001.05.05"]

1.d4 Nf6 2.c4 e6 3.Nc3 Bb4 4.Qc2 O-O 5.e4 d6 6.Bd3 e5 7.Ne2 Nc6 8.d5 Ne7 
9.O-O Ng6 10.a3 Bxc3 11.Qxc3 Qe7 12.f3 a5 13.b4 b6 14.Be3 Bd7 15.Rfc1 Rfb8
16.Rab1 axb4 17.axb4 Qd8 18.c5 bxc5 19.bxc5 Rxb1 20.Rxb1 dxc5 21.Qxc5 Ne8 
22.Rc1 Qe7 23.Qc2 Qa3 24.Bc5 Qa4 25.Qc3 Bb5 26.Bc2 Qa5 27.Qxa5 Rxa5 28.Bb4
Ra8 29.Kf2 Nd6 30.Nc3 Bd7 31.g3 Ne7 32.Bd3 Nec8 33.Ne2 Ne8 34.f4 f6 35.Bc3
exf4 36.gxf4 Ncd6 37.e5 Bb5 38.Bb1 Bxe2 39.Kxe2 Nb5 40.Bb2 Kf8 41.Rc5 Rb8 
42.Bxh7 Na7 43.Ba3 1-0

[Event "C.to Regionale Veneto"]
[Site "Arqua' Petrarca ITA"]
[Date "2001.05.06"]
[Round "3"]
[White "Rossato, Armando"]
[Black "Navarro, Stefano"]
[Result "1-0"]
[WhiteElo "2203"]
[BlackElo "1900"]
[PlyCount "51"]
[EventDate "2001.05.05"]

1.d4 d5 2.e4 dxe4 3.Nc3 Nf6 4.f3 exf3 5.Nxf3 e6 6.Bg5 Be7 7.Bd3 Nbd7 8.O-O
O-O 9.Qe1 Re8 10.Qh4 h6 11.Rf2 Nh7 12.Bxe7 Qxe7 13.Nb5 Ndf6 14.Raf1 a6 15.
Nc3 Nd7 16.Qg3 Nb6 17.Ne4 f5 18.Nc5 Nd5 19.Ne5 Qg5 20.Qf3 Nhf6 21.c4 Ne3 
22.h4 Qxh4 23.Qxe3 g5 24.g3 Ng4 25.Nxg4 Qxg4 26.Bxf5 1-0

[Event "C.to Regionale Veneto"]
[Site "Arqua' Petrarca ITA"]
[Date "2001.05.06"]
[Round "3"]
[White "Sgaravatti, Francesco"]
[Black "Luciani, Valerio"]
[Result "1/2-1/2"]
[WhiteElo "2066"]
[BlackElo "2130"]
[PlyCount "92"]
[EventDate "2001.05.05"]

1.e4 e6 2.d4 d5 3.e5 c5 4.c3 Nc6 5.Be3 Bd7 6.Nf3 cxd4 7.cxd4 Nge7 8.Nc3 
Ng6 9.h4 h5 10.Bd3 Nge7 11.a3 g6 12.b4 Nf5 13.Bg5 Be7 14.Bxf5 gxf5 15.Nb5 
Kf8 16.Nd6 Qb6 17.Bxe7+ Kxe7 18.b5 Na5 19.Qd2 Kf8 20.Qb4 Kg7 21.Rh3 Rh6 
22.Rg3+ Rg6 23.Rxg6+ Kxg6 24.Qd2 Qd8 25.Qf4 Qe7 26.Rc1 Nc4 27.Rc3 a6 28.b6
Kg7 29.Ng5 Rg8 30.Ngxf7 Nxd6 31.Nxd6 Kh7 32.Rg3 Rxg3 33.Qxg3 Qd8 34.Qg5 
Qxb6 35.Qxh5+ Kg7 36.Qf7+ Kh6 37.Qf6+ Kh7 38.Qe7+ Kg6 39.Qxd7 Qb1+ 40.Ke2
Qc2+ 41.Kf3 Qd3+ 42.Kf4 Qxd4+ 43.Kg3 Qg4+ 44.Kh2 Qf4+ 45.Kg1 Qc1+ 46.Kh2
Qf4+ 1/2-1/2

[Event "C.to Regionale Veneto"]
[Site "Arqua' Petrarca ITA"]
[Date "2001.05.06"]
[Round "3"]
[White "Solinas, Carlo"]
[Black "Dal Zovo, Claudio"]
[Result "1-0"]
[WhiteElo "2045"]
[BlackElo "1768"]
[PlyCount "81"]
[EventDate "2001.05.05"]

1.e4 e6 2.d4 d5 3.Nc3 Bb4 4.e5 c5 5.a3 Bxc3+ 6.bxc3 Ne7 7.h4 Qc7 8.Rh3 
Nbc6 9.h5 h6 10.Qg4 cxd4 11.cxd4 Nf5 12.Nf3 Na5 13.Kd1 Bd7 14.Bd2 Nc4 15.
Bc1 Rc8 16.Bd3 Rg8 17.Qf4 Ba4 18.Ne1 Qb6 19.Bxf5 exf5 20.Rd3 Qe6 21.Rb1 
Rc7 22.Rf3 Bd7 23.Nd3 Qc6 24.Nb4 Qe6 25.Rbb3 g5 26.hxg6 Rxg6 27.Rg3 Ba4 
28.Rbc3 Kd7 29.Rxg6 fxg6 30.Qxh6 Qf7 31.Rg3 a5 32.Rxg6 Kc8 33.Qh8+ Be8 34.
Rg8 axb4 35.Rxe8+ Kd7 36.e6+ Qxe6 37.Rxe6 Kxe6 38.Qg8+ Rf7 39.Qg6+ Rf6 40.
Qe8+ Kd6 41.Bf4+ 1-0

[Event "C.to Regionale Veneto"]
[Site "Arqua' Petrarca ITA"]
[Date "2001.05.06"]
[Round "3"]
[White "Spinoso, Giovanni"]
[Black "Quaranta, Gaetano"]
[Result "1-0"]
[WhiteElo "1452"]
[BlackElo "1621"]
[PlyCount "99"]
[EventDate "2001.05.05"]

1.e4 e5 2.Nf3 Nc6 3.Bb5 a6 4.Bxc6 dxc6 5.O-O Bd6 6.d4 Bg4 7.dxe5 Bxe5 8.
Qxd8+ Rxd8 9.Nxe5 Nf6 10.Nxg4 Nxg4 11.f3 Ne5 12.Nc3 O-O 13.b3 Ng6 14.g3 h6
15.Be3 Rfe8 16.Rad1 Rc8 17.Kf2 Re6 18.Na4 Rf6 19.Ke2 b6 20.Nb2 c5 21.Nd3 
Rc6 22.Nf4 Ne5 23.Nd5 Kf8 24.h3 c4 25.b4 b5 26.Bc5+ Rxc5 27.bxc5 Nd7 28.c6
Ne5 29.Nb4 a5 30.Na6 Ke7 31.Rd5 Nxc6 32.Rfd1 b4 33.Rd7+ Ke8 34.Rxc7 Rxc7 
35.Nxc7+ Ke7 36.Ke3 f6 37.f4 c3 38.Nb5 g5 39.fxg5 hxg5 40.h4 gxh4 41.gxh4 
Ne5 42.Kf4 Nc4 43.h5 Kf7 44.Rg1 Ne5 45.Nd6+ Kf8 46.Nf5 a4 47.h6 b3 48.axb3
axb3 49.h7 Nf7 50.Rg8# 1-0

[Event "C.to Regionale Veneto"]
[Site "Arqua' Petrarca ITA"]
[Date "2001.05.06"]
[Round "3"]
[White "Ventura, Sergio"]
[Black "Pesco, Giuseppe"]
[Result "1/2-1/2"]
[WhiteElo "2192"]
[BlackElo "1959"]
[PlyCount "115"]
[EventDate "2001.05.05"]

1.f4 Nf6 2.Nf3 g6 3.b3 Bg7 4.Bb2 O-O 5.g3 c5 6.Bg2 Nc6 7.O-O d6 8.a4 Rb8 
9.Na3 Bd7 10.Re1 a6 11.e4 b5 12.axb5 axb5 13.e5 Ng4 14.h3 Nh6 15.Qe2 Nf5 
16.Qf2 Qb6 17.g4 Nfd4 18.Nxd4 Nxd4 19.b4 Nc6 20.bxc5 dxc5 21.Kh1 e6 22.Re3
Rfd8 23.Rd3 Be8 24.Rxd8 Rxd8 25.Bc3 Bf8 26.Rb1 Nd4 27.d3 Qa6 28.Ra1 Qb6 
29.Nb1 b4 30.Bxd4 Rxd4 31.Nd2 Bc6 32.Nc4 Qc7 33.Nd2 Be7 34.Be4 Bxe4+ 35.
Nxe4 b3 36.cxb3 Rxd3 37.Kg2 Rxb3 38.g5 Qb8 39.Rc1 Rb2 40.Rc2 Rxc2 41.Qxc2 
Qb4 42.Kg3 Kg7 43.h4 Qe1+ 44.Nf2 h5 45.Kf3 Qf1 46.Qe2 Qxe2+ 47.Kxe2 Kf8 
48.Kd3 Ke8 49.Kc4 Kd7 50.Ne4 Kc6 51.Nc3 Bd8 52.Ne4 Be7 53.Nc3 Kb6 54.Ne4 
Kc6 55.Nc3 Bf8 56.Ne4 Be7 57.Nc3 Bd8 58.Ne4 1/2-1/2

[Event "C.to Regionale Veneto"]
[Site "Arqua' Petrarca ITA"]
[Date "2001.05.06"]
[Round "3"]
[White "Vianello, Enrico"]
[Black "Zotti, Enrico"]
[Result "1-0"]
[WhiteElo "1858"]
[BlackElo "2082"]
[PlyCount "135"]
[EventDate "2001.05.05"]

1.d4 Nf6 2.Bg5 c5 3.Bxf6 gxf6 4.d5 Qb6 5.Qc1 h5 6.e3 d6 7.h4 Nd7 8.Ne2 Ne5
9.Nd2 Bd7 10.f4 Ng4 11.Nc4 Qc7 12.a4 f5 13.Ng3 O-O-O 14.Qd2 e6 15.b3 exd5 
16.Qxd5 Be6 17.Qd2 Bg7 18.c3 d5 19.Na3 a6 20.Be2 Kb8 21.Rc1 Qa5 22.Nb1 c4 
23.b4 Qxa4 24.O-O Bf6 25.Bd1 Qc6 26.Bc2 Qd7 27.Ne2 Bxh4 28.Nd4 Bf6 29.Qe2 
h4 30.Rf3 Rdg8 31.Rh3 Bxd4 32.exd4 Nf6 33.Qe5+ Qc7 34.Qxf6 Qxf4 35.Qe5+ 
Qxe5 36.dxe5 f4 37.Rf3 h3 38.Rf2 f3 39.g3 Rxg3+ 40.Kh1 h2 41.Nd2 Bg4 42.
Rcf1 Rhh3 43.Bd1 Kc7 44.Bxf3 Bxf3+ 45.Rxf3 Rxf3 46.Rxf3 Rxf3 47.Nxf3 b6 
48.Kxh2 a5 49.bxa5 bxa5 50.Nd4 a4 51.Kg3 Kb6 52.Nc2 Kc5 53.Kf4 a3 54.Nxa3 
d4 55.cxd4+ Kxd4 56.Kf5 Kd5 57.Kf6 c3 58.Nc2 Ke4 59.Nb4 Kd4 60.Kf5 Kc4 61.
Nc2 Kd5 62.Ne1 Kd4 63.Kf6 Ke4 64.Nc2 Kd5 65.Kf5 Kc5 66.Ke4 Kc4 67.Ne3+ Kb3
68.Kf5 1-0

[Event "C.to Regionale Veneto"]
[Site "Arqua' Petrarca ITA"]
[Date "2001.05.12"]
[Round "4"]
[White "Cacco, Christian"]
[Black "Bracaglia, Carlo"]
[Result "1-0"]
[WhiteElo "2257"]
[BlackElo "2126"]
[PlyCount "55"]
[EventDate "2001.05.05"]

1.d4 Nf6 2.Nf3 e6 3.Bg5 d5 4.c4 Be7 5.Nc3 O-O 6.e3 h6 7.Bh4 b6 8.cxd5 exd5
9.Bd3 Be6 10.O-O Nbd7 11.Rc1 c5 12.Qc2 Re8 13.Bf5 Nf8 14.dxc5 bxc5 15.Rfd1
Qc8 16.Bxe6 fxe6 17.e4 N8d7 18.exd5 exd5 19.Nxd5 Nxd5 20.Rxd5 Qb7 21.Qf5 
Nf6 22.Re5 Qxb2 23.Rce1 Kf8 24.R5e2 Qc3 25.Ne5 Kg8 26.Nf3 Kf8 27.Qe6 g5 
28.Ne5 1-0

[Event "C.to Regionale Veneto"]
[Site "Arqua' Petrarca ITA"]
[Date "2001.05.12"]
[Round "4"]
[White "Giuriato, Sergio"]
[Black "Ventura, Sergio"]
[Result "1/2-1/2"]
[WhiteElo "1767"]
[BlackElo "2192"]
[PlyCount "37"]
[EventDate "2001.05.05"]

1.d4 c6 2.c4 g6 3.Nf3 Bg7 4.g3 f5 5.Bg2 Na6 6.Nc3 Nf6 7.O-O O-O 8.Be3 h6 
9.Ne5 Kh7 10.h3 d6 11.Nd3 Bd7 12.Qd2 Rb8 13.Rac1 Ne4 14.Nxe4 fxe4 15.Bxe4 
Bxh3 16.Nf4 Rxf4 17.Bxf4 Bxf1 18.Kxf1 e5 19.dxe5 1/2-1/2

[Event "C.to Regionale Veneto"]
[Site "Arqua' Petrarca ITA"]
[Date "2001.05.12"]
[Round "4"]
[White "Guclu, Yaman"]
[Black "Vianello, Enrico"]
[Result "0-1"]
[WhiteElo "1900"]
[BlackElo "1858"]
[PlyCount "72"]
[EventDate "2001.05.05"]

1.e4 c5 2.Nf3 Nc6 3.g3 d6 4.Bg2 Nf6 5.d3 e6 6.Nbd2 Be7 7.c3 O-O 8.O-O Qc7 
9.Re1 b5 10.a4 b4 11.Nc4 Bb7 12.Qc2 Rac8 13.a5 Ba6 14.e5 Ne8 15.exd6 Nxd6 
16.Nfe5 Nxe5 17.Nxe5 Bb7 18.f4 Rfd8 19.Be3 Nf5 20.Be4 Nxe3 21.Rxe3 g6 22.
Qg2 Bxe4 23.Qxe4 Bf6 24.a6 Rd5 25.Ra4 Bxe5 26.fxe5 Qc6 27.Ra1 Qb6 28.Rf3 
Rc7 29.Kg2 bxc3 30.Rf2 cxb2 31.Rb1 Qxa6 32.Rfxb2 Qxd3 33.Qh4 Rd8 34.Rb8 
Rd7 35.R1b7 Qe2+ 36.Kh3 Qf1+ 0-1

[Event "C.to Regionale Veneto"]
[Site "Arqua' Petrarca ITA"]
[Date "2001.05.12"]
[Round "4"]
[White "Luciani, Valerio"]
[Black "Opacic, Alexandar"]
[Result "1/2-1/2"]
[WhiteElo "2130"]
[BlackElo "1921"]
[PlyCount "87"]
[EventDate "2001.05.05"]

1.e4 d6 2.d4 Nf6 3.Nc3 g6 4.f3 c6 5.a4 Nbd7 6.Be3 e5 7.Bc4 Qc7 8.Nge2 Bg7 
9.Qd2 h5 10.O-O exd4 11.Nxd4 Ne5 12.Bb3 b6 13.a5 Ba6 14.axb6 axb6 15.Rfd1 
O-O 16.Bh6 Bc4 17.Bxg7 Kxg7 18.Rxa8 Rxa8 19.Bxc4 Nxc4 20.Nf5+ Kg8 21.Qh6 
Ne8 22.b3 Ne5 23.Ne3 Qe7 24.Qf4 Kg7 25.Qg3 Qf6 26.Ne2 Kf8 27.f4 Ng4 28.
Nxg4 hxg4 29.Qc3 Qxc3 30.Nxc3 Ke7 31.Kf2 f5 32.Rd2 Nf6 33.Re2 Kf7 34.e5 
dxe5 35.Rxe5 Rh8 36.Kg1 Rd8 37.Kf2 Rh8 38.Kg1 g3 39.h3 Ra8 40.Kf1 Ra1+ 41.
Re1 Ra7 42.Ke2 Re7+ 43.Kd2 Rxe1 44.Kxe1 {...} 1/2-1/2

[Event "C.to Regionale Veneto"]
[Site "Arqua' Petrarca ITA"]
[Date "2001.05.12"]
[Round "4"]
[White "Navarro, Stefano"]
[Black "Ballarin, Gabriele"]
[Result "1/2-1/2"]
[WhiteElo "1900"]
[BlackElo "1570"]
[PlyCount "80"]
[EventDate "2001.05.05"]

1.e4 c5 2.Nf3 Nc6 3.d4 cxd4 4.Nxd4 e5 5.Nb5 a6 6.Nd6+ Bxd6 7.Qxd6 Qf6 8.
Qxf6 Nxf6 9.Nc3 Nb4 10.Bd3 h6 11.O-O Nxd3 12.cxd3 O-O 13.f4 exf4 14.Bxf4 
Kh7 15.Bd6 Re8 16.e5 Re6 17.d4 Ne8 18.d5 Rg6 19.Rxf7 Nxd6 20.exd6 Rxd6 21.
Re1 b5 22.Ree7 Rg6 23.Ne4 Kg8 24.Nc5 d6 25.Ne4 Bh3 26.g3 Rc8 27.Rc7 Re8 
28.Rfe7 Rf8 29.Nf2 Bc8 30.Rc6 a5 31.Rec7 Bf5 32.Rb7 a4 33.Rcc7 h5 34.Rxb5 
h4 35.Kg2 hxg3 36.hxg3 Bb1 37.Rc4 Bxa2 38.Rxa4 Bb1 39.Rbb4 Rg5 40.Rd4 Rb8 
1/2-1/2